The Maze Runner Characters - Sudden Death! - Statistics

General Stats
  • This quiz has been taken 321 times
  • The average score is 6 of 9
Answers on the Grid
Answers color-coded by a green-red scale on the quiz's grid according to % correct below.
Alina
Terry
Talia
Gally
Minho
Vase
Fryer
Flip
Shuck
Dashner
Alby
Winter
Alicia
Newt
Chan
Frypan
Jim
Pothead
Zewt
Zig
Zart
Zagger
Thomas
Chuckles
Cook
Shuckface
Chucky
Liam
Greenie
Teresa
Arly
Chuck
 
Answer Stats
Answer % Correct
Minho
85%
Gally
77%
Newt
67%
Alby
63%
Chuck
61%
Teresa
61%
Thomas
61%
Frypan
57%
Zart
40%
No matching quizzes found
Score Distribution
Percent of People with Each Score
Percentile by Number Answered
Your Score History
You have not taken this quiz